Manchester United facts - Statistics

General Stats
  • This quiz has been taken 155 times
  • The average score is 11 of 15
Answer Stats
Question Answer % Correct
French striker who was famous at Manchester united. Often known as The King. Eric Cantona
100%
Irish Manchester united midfield legend Roy Keane
100%
Who were the proclaimed best Cb pairing of all time for Manchester united? Vidic and Ferdinand
100%
Manchester United's top scorer Wayne Rooney
100%
The class of 92' refers to which 6 manchester united legends? David Beckham, Nicky Butt, Ryan Giggs, Gary Neville, Phil Neville and Paul Scholes
93%
#1 Player signed from Atletico Madrid. David De Gea
93%
Who was in goal for Manchester city in the same Rooney Bicycle game? Joe hart
89%
Which Manchester United shagged his brother's wife? Giggs
85%
The two goalscorers in extra time Champions league final, during Manchester United's Treble campaign. Teddy sheringham and Ole gunnar Solskjaer
85%
Who is the top epl goal scorer of these four? Alan Shearer
70%
Who is the united legend known as the baby faced assassin? Ole Gunnar Solskjaer
70%
Who scored an own goal with his face while in goal for chelsea vs Ajax Kepa Arrizabalaga
52%
Which of these players has played for Manchester united, Manchester city and Aston villa? Peter Schmeichel
52%
Who was the United player famous for the flying dutchman? Van der sar
19%
Who assisted the Iconic Rooney Bicycle against Manchester City? Antonio Valencia
15%
No matching quizzes found
Score Distribution
Percent of People with Each Score
Percentile by Number Answered
Your Score History
You have not taken this quiz